| 000 | 01232nab a22002057i 4500 | ||
|---|---|---|---|
| 001 | 768714001 | ||
| 003 | CO-MdFUSB | ||
| 005 | 20240509094509.0 | ||
| 008 | 240509t1969 sp ||||| |||| 00| 0 spa d | ||
| 040 |
_bspa _cCO-MdFUSB _dCO-MdFUSB |
||
| 041 | _aspa | ||
| 100 |
_aLescrauwaet, Josephus Franciscus, _eautor |
||
| 245 |
_aCorrecciones ecuménicas en nuestra predicación _c/ Josephus Franciscus Lescrauwaet |
||
| 520 | _aEn primer lugar, debe quedar claro que las correcciones que hacemos en la presentación de nuestra fe sólo funcionarán cuando se apliquen desde un punto de vista "realmente ecuménico". Aunque estos ajustes revelan hechos que quizás valga la pena destacar, no existe ningún hecho objetivo más allá del cual alguien pueda influir subjetivamente. El tono y el acento son suyos, que siempre contextualizan el evento con el que mejor conoce y añade sugerencias que son su valor único. | ||
| 650 | 0 |
_a Ecumenismo _xHistoria _91146 |
|
| 650 | 0 |
_aPredicación _954 |
|
| 773 | 0 |
_049450 _982607 _oR2534 _tRevista internacional de teología Concilium _w(CO-MdFUSB)8 _x0210-1041 _gNúmero 44, (abril, 1965), páginas: 38 - 46 _qpágina: 38 |
|
| 942 | _cANA | ||
| 945 | _aCatherine Arias Alvarez - Practicante SENA | ||
| 999 |
_c69628 _d69628 |
||